| 000 | 00676nam a2200229 a 4500 | ||
|---|---|---|---|
| 001 | 3079 | ||
| 003 | CDMR | ||
| 005 | 20131104174621.0 | ||
| 008 | 130130s1976||||||||||||||||||||||||||||d | ||
| 040 |
_aCDMR _bcat _cCDMR |
||
| 110 | 2 |
_aCentro Interamericano de Periodismo Educativo y Científico _92248 |
|
| 245 | 1 | 0 |
_aPeriodismo educativo y científico _cCIMPEC-OEA |
| 246 | _aManual de Periodismo Educativo y Científico | ||
| 250 | _a2a ed. | ||
| 260 |
_aQuito _c1976 _bEpoca |
||
| 300 | _a205 p. | ||
| 490 | 0 |
_aIntiyan _v2 |
|
| 650 | 0 | 4 |
_92804 _aPeriodisme científic |
| 650 | 0 | 4 |
_93668 _aComunicació i ciència |
| 650 | 0 | 4 |
_92730 _aInformació i educació |
| 942 |
_cMON _2udc |
||
| 999 |
_c3079 _d3079 |
||